Gurus on managing people / (Record no. 591548)

000 -LEADER
fixed length control field 01133cam a22003374a 4500
001 - CONTROL NUMBER
control field 14160693
005 - DATE AND TIME OF LATEST TRANSACTION
control field 20221006160333.0
008 - FIXED-LENGTH DATA ELEMENTS--GENERAL INFORMATION
fixed length control field 051103s2005 enk b 000 0 eng
010 ## - LIBRARY OF CONGRESS CONTROL NUMBER
LC control number 2005482268
020 ## - INTERNATIONAL STANDARD BOOK NUMBER
International Standard Book Number 8130902206
035 ## - SYSTEM CONTROL NUMBER
System control number (CaONFJC)ct0364236
040 ## - CATALOGING SOURCE
Original cataloging agency DLC
Transcribing agency DLC
Modifying agency DLC
042 ## - AUTHENTICATION CODE
Authentication code pcc
050 00 - LIBRARY OF CONGRESS CALL NUMBER
Classification number HD30.4
Item number .K465 2004
082 ## - DEWEY DECIMAL CLASSIFICATION NUMBER
Classification number 658.3
Author Mark KER
100 1# - MAIN ENTRY--PERSONAL NAME
Personal name Kermally, Sultan.
9 (RLIN) 99365
245 10 - TITLE STATEMENT
Title Gurus on managing people /
Statement of responsibility, etc. Sultan Kermally.
246 18 - VARYING FORM OF TITLE
Title proper/short title Gurus on people management
260 ## - PUBLICATION, DISTRIBUTION, ETC.
Place of publication, distribution, etc. New Delhi :
Name of publisher, distributor, etc. Viva Books Private Limited,
Date of publication, distribution, etc. c2006.
300 ## - PHYSICAL DESCRIPTION
Extent 153 p. ;
Dimensions 22 cm.
504 ## - BIBLIOGRAPHY, ETC. NOTE
Bibliography, etc. note Includes bibliographical references (p. 151-153).
650 #0 - SUBJECT ADDED ENTRY--TOPICAL TERM
Topical term or geographic name entry element Management
General subdivision Research.
9 (RLIN) 14616
650 #0 - SUBJECT ADDED ENTRY--TOPICAL TERM
Topical term or geographic name entry element Management
General subdivision Psychological aspects.
9 (RLIN) 99366
650 #0 - SUBJECT ADDED ENTRY--TOPICAL TERM
Topical term or geographic name entry element Employee motivation.
9 (RLIN) 4008
650 #0 - SUBJECT ADDED ENTRY--TOPICAL TERM
Topical term or geographic name entry element Organizational effectiveness.
650 #0 - SUBJECT ADDED ENTRY--TOPICAL TERM
Topical term or geographic name entry element Leadership.
856 41 - ELECTRONIC LOCATION AND ACCESS
Materials specified Table of contents
Uniform Resource Identifier <a href="http://www.loc.gov/catdir/toc/fy0602/2005482268.html">http://www.loc.gov/catdir/toc/fy0602/2005482268.html</a>
906 ## - LOCAL DATA ELEMENT F, LDF (RLIN)
a 7
b cbc
c origres
d 2
e ncip
f 20
g y-gencatlg
942 ## - ADDED ENTRY ELEMENTS (KOHA)
Source of classification or shelving scheme
Koha item type Book
Holdings
Withdrawn status Lost status Source of classification or shelving scheme Damaged status Not for loan Permanent Location Current Location Shelving location Date acquired Source of acquisition Total Checkouts Full call number Barcode Date last seen Price effective from Koha item type
          Central Library (CL) Central Library (CL) Chinese Studies 10/06/2022 Donated by China Embassy   658.3 KER CL-D-1901 10/06/2022 10/06/2022 Book
© 2023 Central Library, National University of Sciences and Technology. All Rights Reserved.